Đa dạng sinh học quần thể luân trùng ở khu hệ sinh thái nước ngọt của thành phố Cần Thơ và tỉnh Hậu Giang : Báo cáo tổng kết đề tài khoa học và công nghệ cấp Trường

Nội dung đề tài xác định tính đa dạng thành phần loài luân trùng ở các ao nuôi thủy sản nước ngọt của Thành Phố Cần Thơ và tỉnh Hậu Giang và xác định môi tương quan về mật độ luân trùng với một số các yếu tố môi trường nước ở địa...

Full description

Saved in:
Bibliographic Details
Main Author: Nguyễn, Thị Kim Liên
Format: Book
Language:Undetermined
Published: Cần Thơ Trường Đại học Cần Thơ 2011
Subjects:
Tags: Add Tag
No Tags, Be the first to tag this record!
Institutions: Trung tâm Học liệu Trường Đại học Cần Thơ
LEADER 01308nam a2200229Ia 4500
001 CTU_203762
008 210402s9999 xx 000 0 und d
082 |a 577.6 
082 |b L305 
088 |a T2010-01 
100 |a Nguyễn, Thị Kim Liên 
245 0 |a Đa dạng sinh học quần thể luân trùng ở khu hệ sinh thái nước ngọt của thành phố Cần Thơ và tỉnh Hậu Giang : 
245 0 |b Báo cáo tổng kết đề tài khoa học và công nghệ cấp Trường 
245 0 |c Nguyễn Thị Kim Liên (Chủ nhiệm đề tài) 
260 |a Cần Thơ 
260 |b Trường Đại học Cần Thơ 
260 |c 2011 
520 |a Nội dung đề tài xác định tính đa dạng thành phần loài luân trùng ở các ao nuôi thủy sản nước ngọt của Thành Phố Cần Thơ và tỉnh Hậu Giang và xác định môi tương quan về mật độ luân trùng với một số các yếu tố môi trường nước ở địa bàn nghiên cứu. 
650 |a Freshwater ecology,Sinh thái học nước ngọt 
904 |i Tuyến 
915 |a TS 
980 |a Trung tâm Học liệu Trường Đại học Cần Thơ